00570cam a22001572a 4500001000900000003001100009008004300020100002200063245013600085260001700221260003800238260000900276300001000285440008500295650003200380 000882 AR-FADEU 311216n1982####xxu####################dd aBarba, Fenando E. aLos autonomistas del 70 : Auge y frustración de un movimiento provinciano con vocación nacional. Buenos Aires entre 1688 y 1878 aBuenos Aires bCentro Editor de América Latina c1982 a197 p aCapítulo, bibl. argentina fundamental complementaria, sociedad y cultura n165 aLITERATURA ARGENTINA-ENSAYO